1 bis 100 - Klickquiz - Statistiken

Allgemein
  • Dieses Quiz wurde 101 mal gespielt
  • Das Durchschnittsergebnis liegt bei 50 aus 100
Antwortstatistiken
Hint Antwort % Korrekt
1 1
98%
3 3
92%
2 2
88%
4 4
85%
5 5
85%
6 6
78%
7 7
78%
10 10
77%
8 8
77%
9 9
75%
11 11
72%
12 12
72%
13 13
67%
22 22
67%
23 23
67%
24 24
67%
21 21
65%
25 25
65%
18 18
63%
20 20
63%
40 40
63%
14 14
62%
17 17
62%
19 19
62%
26 26
62%
27 27
62%
30 30
62%
41 41
62%
42 42
62%
15 15
60%
28 28
60%
29 29
60%
31 31
60%
32 32
60%
33 33
60%
34 34
60%
36 36
60%
43 43
60%
44 44
60%
16 16
58%
35 35
58%
37 37
58%
39 39
58%
38 38
57%
45 45
55%
46 46
55%
55 55
53%
56 56
53%
57 57
53%
58 58
53%
47 47
52%
54 54
52%
59 59
52%
48 48
50%
49 49
50%
50 50
50%
51 51
50%
53 53
50%
60 60
50%
52 52
48%
61 61
45%
62 62
45%
64 64
45%
63 63
43%
66 66
43%
67 67
43%
70 70
43%
65 65
42%
68 68
42%
69 69
42%
71 71
42%
72 72
38%
73 73
35%
74 74
35%
75 75
35%
76 76
35%
77 77
35%
78 78
33%
79 79
33%
82 82
32%
83 83
32%
84 84
32%
80 80
30%
81 81
30%
85 85
30%
86 86
28%
87 87
27%
88 88
25%
90 90
25%
89 89
23%
92 92
23%
91 91
22%
93 93
22%
94 94
22%
95 95
20%
96 96
20%
97 97
20%
98 98
20%
100 100
17%
99 99
17%
Keine übereinstimmenden Quizze gefunden
Verteilung der Resultate
Anzahl Personen mit jedem Resultat
Perzentil nach korrekt beantworteten Fragen
Ihre Resultats-Entwicklung
Sie haben dieses Quiz noch nicht gespielt